[Event "RA Winter op"]
[Site "Ottawa CAN"]
[Date "2010.01.22"]
[Round "1"]
[White "Luo, Fangyi"]
[Black "Van Leewen, John"]
[Result "0-1"]
[WhiteElo "1435"]
[BlackElo "1590"]
[PlyCount "90"]
[EventDate "2010.01.22"]
[EventType "swiss"]
[EventRounds "5"]
[EventCountry "CAN"]

1. e4 e5 2. Nf3 Nf6 3. Nc3 Nc6 4. Bb5 Nd4 5. Nxe5 Nxb5 6. Nxb5 d6 7. Nf3 c6 8.
Nc3 Be7 9. d4 O-O 10. Bf4 Bg4 11. h3 Bh5 12. g4 Bg6 13. Qe2 Re8 14. e5 dxe5 15.
Bxe5 Bb4 16. Qc4 Nd5 17. O-O-O Bxc3 18. bxc3 Be4 19. Nd2 Bxh1 20. Rxh1 Qa5 21.
Qb3 Qxc3 22. Qxc3 Nxc3 23. Kb2 Ne2 24. c3 c5 25. Re1 cxd4 26. Rxe2 f6 27. cxd4
fxe5 28. dxe5 Rac8 29. Kb3 Re6 30. Nc4 g5 31. Nd6 Rc5 32. f3 Rcxe5 33. Rxe5
Rxe5 34. Ne4 Kf7 35. Kc4 Ke6 36. Kd4 h6 37. Nc5+ Rxc5 38. Kxc5 Ke5 39. Kc4 Kf4
40. Kd4 Kxf3 41. Ke5 Kg3 42. Kf5 Kxh3 43. Kg6 Kxg4 44. Kxh6 Kh4 45. Kg6 g4 0-1

[Event "RA Winter op"]
[Site "Ottawa CAN"]
[Date "2010.01.22"]
[Round "1"]
[White "Pacey, Kevin"]
[Black "Upper, John"]
[Result "1-0"]
[WhiteElo "2360"]
[BlackElo "2194"]
[PlyCount "77"]
[EventDate "2010.01.22"]
[EventType "swiss"]
[EventRounds "5"]
[EventCountry "CAN"]

1. c4 c5 2. Nf3 Nc6 3. Nc3 g6 4. g3 Bg7 5. Bg2 d6 6. O-O e5 7. d3 Nge7 8. a3
O-O 9. Rb1 f5 10. Bd2 b6 11. b4 Rb8 12. Qc1 Bb7 13. Bh6 Qd7 14. Bxg7 Kxg7 15.
bxc5 dxc5 16. Qb2 Qe6 17. Nd2 Nd4 18. Bxb7 Rxb7 19. Rfe1 h5 20. Nb5 f4 21. Nxd4
cxd4 22. Nf3 fxg3 23. hxg3 Nf5 24. Qb5 Re7 25. Ng5 Qd6 26. Qd5 Kh6 27. Qxd6
Nxd6 28. Nf3 Nb7 29. Rb5 Rf5 30. Nd2 Nd6 31. Rd5 Rf6 32. Rb1 Rfe6 33. Nf3 g5
34. Nxe5 Nb7 35. f4 Rg7 36. fxg5+ Kxg5 37. Kf2 Kh6 38. Nf3 Rf6 39. Rh1 1-0

[Event "RA Winter op"]
[Site "Ottawa CAN"]
[Date "2010.01.22"]
[Round "1"]
[White "Qin, Zi Yi (Joey)"]
[Black "Sambuev, Bator"]
[Result "0-1"]
[WhiteElo "2242"]
[BlackElo "2608"]
[PlyCount "52"]
[EventDate "2010.01.22"]
[EventType "swiss"]
[EventRounds "5"]
[EventCountry "CAN"]

1. e4 e6 2. d4 d5 3. Nd2 Nf6 4. e5 Nfd7 5. Bd3 c5 6. c3 Nc6 7. Ne2 c4 8. Bc2 b5
9. Nf4 g6 10. Qg4 Nb6 11. h4 h5 12. Qh3 Be7 13. Nf3 Kd7 14. Bxg6 fxg6 15. Qxe6+
Kc7 16. Qxg6 Bg4 17. Ng5 Qd7 18. f3 Rag8 19. fxg4 Rxg6 20. Nxg6 Qxg4 21. Nxh8
Qxg2 22. Rf1 Nxd4 23. Ne6+ Nxe6 24. Be3 Bxh4+ 25. Bf2 Qe4+ 26. Kd2 Bg5+ 0-1

[Event "RA Winter op"]
[Site "Ottawa CAN"]
[Date "2010.01.23"]
[Round "2"]
[White "Sambuev, Bator"]
[Black "Pacey, Kevin"]
[Result "1-0"]
[WhiteElo "2608"]
[BlackElo "2362"]
[PlyCount "53"]
[EventDate "2010.01.22"]
[EventType "swiss"]
[EventRounds "5"]
[EventCountry "CAN"]

1. e4 Nc6 2. d4 e5 3. dxe5 Nxe5 4. f4 Ng6 5. Nf3 Bc5 6. Bc4 Qe7 7. Nc3 Nf6 8.
f5 Ne5 9. Bb3 d5 10. Nxd5 Nxd5 11. Qxd5 Nxf3+ 12. gxf3 c6 13. Qc4 Bxf5 14. Bg5
f6 15. O-O-O Bd7 16. Bf4 O-O-O 17. h4 g5 18. Bg3 f5 19. exf5 Bxf5 20. Rde1 Be3+
21. Kb1 Rd2 22. Qc3 Re8 23. Qa5 Qd7 24. hxg5 Rd8 25. a3 Bxc2+ 26. Bxc2 Rxc2 27.
Rxe3 1-0

[Event "RA Winter op"]
[Site "Ottawa CAN"]
[Date "2010.01.23"]
[Round "2"]
[White "Upper, John"]
[Black "Qin, Zi Yi (Joey)"]
[Result "1/2-1/2"]
[WhiteElo "2200"]
[BlackElo "2242"]
[PlyCount "118"]
[EventDate "2010.01.22"]
[EventType "swiss"]
[EventRounds "5"]
[EventCountry "CAN"]

1. c4 Nf6 2. Nc3 g6 3. g3 Bg7 4. Bg2 d6 5. e4 O-O 6. Nge2 e5 7. O-O c6 8. d4
Nbd7 9. h3 exd4 10. Nxd4 Ne5 11. b3 Qa5 12. Bb2 Re8 13. Nc2 Nh5 14. Ne3 Be6 15.
Rc1 Rad8 16. Kh2 Nd7 17. a3 Qg5 18. h4 Qh6 19. f4 f5 20. Bh3 Ndf6 21. exf5 Bxf5
22. Qf3 Bxh3 23. Kxh3 Bh8 24. Rce1 Qf8 25. f5 Nd7 26. fxg6 Qxf3 27. gxh7+ Kxh7
28. Rxf3 Ne5 29. Rf5 Ng7 30. Rxe5 Rxe5 31. Ncd1 Re6 32. Rf1 Kg6 33. Ng2 Kh7 34.
Rf7 Kg8 35. Rxb7 Nf5 36. Bxh8 Kxh8 37. Rxa7 Rg8 38. g4 Nd4 39. h5 Re4 40. Nf2
Re2 41. Nf4 Rxf2 42. Ng6+ Rxg6 43. hxg6 Rf3+ 44. Kh4 Ne6 45. Rd7 Rf6 46. Rxd6
Rxg6 47. g5 c5 48. b4 cxb4 49. axb4 Kg7 50. b5 Kf7 51. b6 Ke7 52. c5 Rg8 53. b7
Nxc5 54. Rc6 Nxb7 55. Rc7+ Ke6 56. Rxb7 Rh8+ 57. Kg4 Rh1 58. Ra7 Rh2 59. Ra6+
Kf7 1/2-1/2

[Event "RA Winter op"]
[Site "Ottawa CAN"]
[Date "2010.01.23"]
[Round "3"]
[White "Gordon, David"]
[Black "Kirby, Patrick"]
[Result "1-0"]
[WhiteElo "2254"]
[BlackElo "2210"]
[PlyCount "43"]
[EventDate "2010.01.22"]
[EventType "swiss"]
[EventRounds "5"]
[EventCountry "CAN"]

1. d4 d6 2. e4 Nf6 3. f3 g6 4. Be3 Bg7 5. Qd2 O-O 6. Bd3 d5 7. e5 Ne8 8. h4 c5
9. c3 f6 10. h5 fxe5 11. hxg6 exd4 12. Bh6 Bf5 13. Bxf5 Rxf5 14. Bxg7 Nxg7 15.
Qh6 e5 16. Qxh7+ Kf8 17. Qh8+ Ke7 18. Qxg7+ Kd6 19. Rh8 Qb6 20. Qh6 Rf6 21. g7
Rxh6 22. Rxh6+ 1-0

[Event "RA Winter op"]
[Site "Ottawa CAN"]
[Date "2010.01.23"]
[Round "3"]
[White "Laurin, Marcel"]
[Black "Lidstone, Phil"]
[Result "1-0"]
[WhiteElo "1814"]
[BlackElo "1668"]
[PlyCount "65"]
[EventDate "2010.01.22"]
[EventType "swiss"]
[EventRounds "5"]
[EventCountry "CAN"]

1. b4 Nf6 2. Bb2 e6 3. a3 c5 4. b5 d5 5. e3 Nbd7 6. Nf3 Bd6 7. c4 Qc7 8. Nc3
Nb6 9. d3 Bd7 10. a4 a5 11. Rc1 dxc4 12. dxc4 O-O-O 13. Qc2 h6 14. Be2 Rhg8 15.
Rd1 Kb8 16. Nb1 Nc8 17. Bc3 b6 18. Nbd2 Ne7 19. Nb3 e5 20. Rxd6 e4 21. Be5 Ka7
22. Rxf6 Qb7 23. Rxf7 Bg4 24. Nfd2 Bxe2 25. Kxe2 Rd3 26. Nxe4 Rgd8 27. f3 Qd7
28. Bxg7 Qe6 29. Rf6 Qg8 30. Bxh6 Qxg2+ 31. Nf2 Ng8 32. Rf7+ Ka8 33. Rg7 1-0

[Event "RA Winter op"]
[Site "Ottawa CAN"]
[Date "2010.01.23"]
[Round "3"]
[White "O'Donnell, Tom"]
[Black "Sambuev, Bator"]
[Result "0-1"]
[WhiteElo "2462"]
[BlackElo "2608"]
[PlyCount "94"]
[EventDate "2010.01.22"]
[EventType "swiss"]
[EventRounds "5"]
[EventCountry "CAN"]

1. e4 e6 2. d4 d5 3. Nd2 Nf6 4. e5 Nfd7 5. f4 c5 6. c3 Nc6 7. Ndf3 Qb6 8. g3
cxd4 9. cxd4 Bb4+ 10. Kf2 g5 11. fxg5 Ndxe5 12. Nxe5 Nxe5 13. Kg2 Nc6 14. Nf3
Bf8 15. b3 Bg7 16. Bb2 Bd7 17. Be2 a5 18. Bc3 h6 19. Qd2 Rc8 20. h4 hxg5 21.
hxg5 Ke7 22. g6 fxg6 23. Rxh8 Rxh8 24. Qg5+ Bf6 25. Qxg6 Be8 26. Qd3 Rg8 27.
Rh1 Bg6 28. Qe3 Be4 29. Bd3 Bg5 30. Qe2 Nxd4 31. Bxd4 Bxf3+ 32. Qxf3 Qxd4 33.
Rh7+ Rg7 34. Rxg7+ Qxg7 35. Qg4 Bf6 36. Qf4 Be5 37. Qh4+ Kd6 38. b4 axb4 39.
Qxb4+ Kc7 40. Qc5+ Kb8 41. Qe3 Bc7 42. a4 e5 43. Bf5 e4 44. g4 Qe5 45. a5 Bxa5
46. Qc5 Qb2+ 47. Kg1 Bb6 0-1

[Event "RA Winter op"]
[Site "Ottawa CAN"]
[Date "2010.01.23"]
[Round "3"]
[White "Pacey, Kevin"]
[Black "Regnier, Alain"]
[Result "1-0"]
[WhiteElo "2360"]
[BlackElo "2162"]
[PlyCount "87"]
[EventDate "2010.01.22"]
[EventType "swiss"]
[EventRounds "5"]
[EventCountry "CAN"]

1. e4 e6 2. d4 d5 3. e5 Qd7 4. Nf3 b6 5. c3 Ba6 6. Bxa6 Nxa6 7. Qe2 Nb8 8. O-O
c5 9. c4 cxd4 10. Nxd4 Bc5 11. Nb3 Nc6 12. Nc3 d4 13. Nxc5 bxc5 14. Ne4 Qc7 15.
Nd6+ Ke7 16. Qf3 f5 17. Qg3 Kf8 18. b3 Nge7 19. h4 a5 20. h5 h6 21. Qf3 Kg8 22.
Bf4 Kh7 23. Qh3 Rhg8 24. Rfd1 Nc8 25. Nxf5 Rf8 26. Nxg7 Qxg7 27. Qxe6 N8e7 28.
Bg3 Rf5 29. Qd6 Nxe5 30. Re1 N5c6 31. Bh4 Ra7 32. Re6 Rxh5 33. Bf6 Qg4 34. Bxe7
Nxe7 35. Rxe7+ Rxe7 36. Qxe7+ Qg7 37. Re1 Rg5 38. g3 Qxe7 39. Rxe7+ Kg6 40. Kg2
Kf6 41. Re8 Kf7 42. Rc8 Re5 43. Kf3 Ke7 44. Kf4 1-0

[Event "RA Winter op"]
[Site "Ottawa CAN"]
[Date "2010.01.24"]
[Round "4"]
[White "Meyer, Ralf"]
[Black "Danilov, Alex"]
[Result "0-1"]
[WhiteElo "1670"]
[BlackElo "1824"]
[PlyCount "80"]
[EventDate "2010.01.22"]
[EventType "swiss"]
[EventRounds "5"]
[EventCountry "CAN"]

1. e4 c5 2. Nf3 e6 3. d3 Nc6 4. g3 g6 5. Bg2 Bg7 6. c3 Nge7 7. O-O d5 8. Nbd2
O-O 9. Re1 h6 10. e5 g5 11. d4 Ng6 12. Nf1 g4 13. N3d2 cxd4 14. cxd4 Nxd4 15.
Qxg4 Nc2 16. Re2 Nxa1 17. Nf3 b6 18. Nd4 Ba6 19. Re1 Rc8 20. Bd2 Nc2 21. Nxc2
Rxc2 22. Bc3 Bxf1 23. Bxf1 Qg5 24. Qxg5 hxg5 25. Bd3 Rxc3 26. bxc3 Rc8 27. Bxg6
fxg6 28. Re3 g4 29. h3 gxh3 30. f4 Bf8 31. Rd3 Kg7 32. Kh2 g5 33. Kxh3 Kg6 34.
Kg4 Rc4 35. Rf3 Ba3 36. Rf2 Rxc3 37. f5+ exf5+ 38. Rxf5 Rc4+ 39. Rf4 gxf4 40.
gxf4 b5 0-1

[Event "RA Winter op"]
[Site "Ottawa CAN"]
[Date "2010.01.24"]
[Round "4"]
[White "Regnier, Alain"]
[Black "Upper, John"]
[Result "1-0"]
[WhiteElo "2162"]
[BlackElo "2200"]
[PlyCount "79"]
[EventDate "2010.01.22"]
[EventType "swiss"]
[EventRounds "5"]
[EventCountry "CAN"]

1. d4 d5 2. c4 c6 3. Nc3 Nf6 4. Nf3 dxc4 5. a4 Bf5 6. e3 e6 7. Bxc4 Bb4 8. O-O
Nbd7 9. Na2 Bd6 10. b4 Qe7 11. Bd3 O-O 12. Re1 Bxd3 13. Qxd3 Rfd8 14. b5 c5 15.
e4 e5 16. d5 Ne8 17. Nc3 Rac8 18. Nd2 Qh4 19. Nc4 Ndf6 20. Ra2 g6 21. g3 Qh3
22. f3 Rd7 23. Rg2 Nh5 24. Nd1 Nhg7 25. Nf2 Qh5 26. g4 Qh4 27. g5 f5 28. Rg3 f4
29. Rg4 Qh5 30. Bb2 Re7 31. h4 Rd8 32. a5 Bb8 33. Qa3 Rc8 34. Nd3 Nf5 35. exf5
gxf5 36. Nxf4 exf4 37. Rxe7 fxg4 38. Qc3 Kf8 39. Rd7 Qg6 40. fxg4 1-0

[Event "RA Winter op"]
[Site "Ottawa CAN"]
[Date "2010.01.24"]
[Round "4"]
[White "Sambuev, Bator"]
[Black "Gordon, David"]
[Result "1-0"]
[WhiteElo "2608"]
[BlackElo "2254"]
[PlyCount "111"]
[EventDate "2010.01.22"]
[EventType "swiss"]
[EventRounds "5"]
[EventCountry "CAN"]

1. e4 c5 2. Nf3 Nc6 3. Bb5 Nf6 4. Nc3 g6 5. O-O Bg7 6. d3 O-O 7. Bg5 h6 8. Bh4
g5 9. Bg3 Nh5 10. Bxc6 dxc6 11. Be5 Bg4 12. h3 Bxf3 13. Qxf3 Bxe5 14. Qxh5 Kg7
15. Ne2 Qd6 16. f4 gxf4 17. c3 Rad8 18. Rad1 Qf6 19. b4 Bxc3 20. Rxf4 Bd4+ 21.
Kh1 Qe5 22. Rf5 Qd6 23. bxc5 Qg6 24. Qf3 e6 25. Rf4 f5 26. Rb1 b5 27. exf5 Rxf5
28. Rxf5 exf5 29. Nf4 Qe8 30. Qg3+ Kh7 31. Re1 Qf7 32. Re6 Bf6 33. Rxc6 Rg8 34.
Qf2 Be5 35. d4 Qd7 36. Rxh6+ Kxh6 37. Qh4+ Kg7 38. dxe5 Kf8 39. Qf6+ Ke8 40. e6
Qg7 41. Qxf5 Qa1+ 42. Kh2 Qg7 43. Qe4 Qg3+ 44. Kh1 Rg5 45. Nd3 Ke7 46. c6 a5
47. Kg1 Qxh3 48. c7 Rxg2+ 49. Qxg2 Qe3+ 50. Qf2 Qg5+ 51. Kf1 Qg8 52. Qc5+ Kxe6
53. c8=Q+ Qxc8 54. Qxc8+ Kd6 55. Qd8+ Ke6 56. Qxa5 1-0

[Event "RA Winter op"]
[Site "Ottawa CAN"]
[Date "2010.01.24"]
[Round "4"]
[White "Voloaca, Mihnea"]
[Black "Pacey, Kevin"]
[Result "1-0"]
[WhiteElo "2284"]
[BlackElo "2360"]
[PlyCount "117"]
[EventDate "2010.01.22"]
[EventType "swiss"]
[EventRounds "5"]
[EventCountry "CAN"]

1. c4 e6 2. Nc3 d5 3. d4 Nf6 4. cxd5 exd5 5. Bg5 Nbd7 6. e3 c6 7. Bd3 Be7 8.
Qc2 O-O 9. Nge2 Re8 10. O-O Nf8 11. Rab1 a5 12. Ng3 Ng4 13. Bxe7 Qxe7 14. h3
Nf6 15. Rbe1 Qd8 16. f3 Ne6 17. Qf2 c5 18. dxc5 Nxc5 19. Bb1 Qe7 20. Nb5 Bd7
21. Nc7 Rac8 22. Nxe8 Nxe8 23. Nf5 Qf6 24. Nd4 Nd6 25. Rc1 b6 26. Rc3 Re8 27.
b3 g6 28. Rfc1 h5 29. h4 Qe5 30. Re1 Ne6 31. Rcc1 Nc5 32. Rcd1 Bc8 33. Bd3 Bb7
34. Bf1 Rf8 35. Qd2 Qg3 36. Qf2 Qe5 37. Rd2 Re8 38. Rc2 Rf8 39. Rc3 Re8 40.
Rec1 Rc8 41. a3 Ra8 42. Kh1 Kh7 43. Qg1 Nf5 44. Nxf5 Qxf5 45. Qh2 Kg7 46. Qd6
Qf6 47. Qxf6+ Kxf6 48. Kg1 Rd8 49. Rd1 Ke5 50. Kf2 f5 51. Bb5 Ra8 52. g3 Rf8
53. b4 Ne6 54. Bd7 axb4 55. axb4 Ra8 56. Rd2 Ra1 57. Bc6 Bxc6 58. Rxc6 b5 59.
Rb6 1-0

[Event "RA Winter op"]
[Site "Ottawa CAN"]
[Date "2010.01.24"]
[Round "5"]
[White "Eyere, Keven"]
[Black "Danilov, Alex"]
[Result "0-1"]
[WhiteElo "1644"]
[BlackElo "1824"]
[PlyCount "116"]
[EventDate "2010.01.22"]
[EventType "swiss"]
[EventRounds "5"]
[EventCountry "CAN"]

1. e4 c5 2. Nc3 e6 3. g3 d5 4. exd5 exd5 5. Bg2 Nf6 6. d3 d4 7. Ne4 Nxe4 8.
Bxe4 Nd7 9. Bg2 Be7 10. Nf3 O-O 11. O-O Nf6 12. c3 Bd6 13. cxd4 cxd4 14. Nxd4
Bxg3 15. hxg3 Qxd4 16. Qc2 Bf5 17. Be3 Qd7 18. Qd2 Rfd8 19. d4 Bh3 20. Bg5 Bxg2
21. Kxg2 Ne4 22. Qf4 Re8 23. f3 Nxg5 24. Qxg5 Qxd4 25. b3 Re2+ 26. Kh3 Rae8 27.
Rad1 Qb6 28. Rd2 Qe6+ 29. g4 Re5 30. Qf4 g5 31. Qd4 Qh6+ 32. Kg2 Qa6 33. a4 Qc6
34. Qd3 Qe6 35. Rff2 Re3 36. Qd6 Qxd6 37. Rxd6 Rxb3 38. Rd7 Ree3 39. Rd5 h6 40.
Rd7 Kg7 41. Rd6 Rec3 42. Rd5 Rb4 43. a5 Ra3 44. Re2 Rb1 45. Kf2 Rba1 46. Ree5
R3a2+ 47. Ke3 Re1+ 48. Kd4 Ra4+ 49. Kc3 Ra3+ 50. Kb2 Rxe5 51. Rxe5 Rxf3 52. Re7
Rf4 53. Rxb7 Rxg4 54. Rxa7 h5 55. a6 h4 56. Ra8 h3 57. a7 Ra4 58. Kb3 Ra1 0-1

[Event "RA Winter op"]
[Site "Ottawa CAN"]
[Date "2010.01.24"]
[Round "5"]
[White "Sambuev, Bator"]
[Black "Voloaca, Mihnea"]
[Result "1-0"]
[WhiteElo "2608"]
[BlackElo "2322"]
[PlyCount "87"]
[EventDate "2010.01.22"]
[EventType "swiss"]
[EventRounds "5"]
[EventCountry "CAN"]

1. e4 e5 2. Nf3 Nc6 3. Bc4 Nf6 4. d3 Bc5 5. c3 d6 6. Bb3 a6 7. h3 Ba7 8. Nbd2
O-O 9. Nf1 d5 10. Qe2 h6 11. Ng3 Re8 12. Nh2 Na5 13. Bc2 dxe4 14. dxe4 Bd7 15.
Qf3 Nh7 16. Nf5 Ng5 17. Qg3 Bxf5 18. exf5 e4 19. Ng4 Nc4 20. O-O e3 21. Nxe3
Nxe3 22. Bxe3 Bxe3 23. fxe3 Qd2 24. Rf2 Qxe3 25. Qxe3 Rxe3 26. Rd1 Rae8 27. Rd7
Re1+ 28. Kh2 R8e7 29. Rd8+ Re8 30. Rfd2 Kf8 31. R8d7 R8e7 32. Bb3 Ne4 33. Rd8+
Re8 34. R2d7 Nd6 35. Rxe8+ Kxe8 36. Rxc7 Re5 37. Ba4+ b5 38. Bb3 a5 39. a4 Rxf5
40. axb5 Nxb5 41. Ba4 Kd8 42. Rc6 h5 43. Rb6 Nc7 44. Rd6+ 1-0

[Event "Rimouski"]
[Site "Rimouski CAN"]
[Date "2010.05.21"]
[Round "1"]
[White "Bleau, John"]
[Black "Bolduc, Steve"]
[Result "0-1"]
[WhiteElo "1749"]
[BlackElo "2265"]
[PlyCount "74"]
[EventDate "2010.05.21"]
[EventType "swiss"]
[EventRounds "5"]
[EventCountry "CAN"]

1. d4 Nf6 2. c4 g6 3. Nc3 d5 4. Nf3 Bg7 5. Qb3 dxc4 6. Qxc4 O-O 7. e4 Bg4 8.
Be3 Nfd7 9. Be2 Nb6 10. Qd3 Nc6 11. Rd1 Qd7 12. h3 Bxf3 13. Bxf3 Rad8 14. Ne2
Ne5 15. Qc2 Nxf3+ 16. gxf3 c6 17. h4 h5 18. Qb3 Kh7 19. Qc2 Qc8 20. Bg5 Rd7 21.
Qc5 e5 22. Ng3 Rxd4 23. Rxd4 exd4 24. Be7 Nd7 25. Qd6 Be5 26. Qa3 Re8 27. Rg1
c5 28. Bg5 a6 29. f4 Bg7 30. Qf3 Qc6 31. Kd2 Nf6 32. Bxf6 Qxf6 33. Nxh5 gxh5
34. Rg5 Bh6 35. Qxh5 Qxf4+ 36. Kd3 Qxe4+ 37. Kc4 d3+ 0-1

[Event "Rimouski"]
[Site "Rimouski CAN"]
[Date "2010.05.22"]
[Round "2"]
[White "Bolduc, Steve"]
[Black "Dube, Daniel"]
[Result "1-0"]
[WhiteElo "2265"]
[BlackElo "1824"]
[PlyCount "71"]
[EventDate "2010.05.21"]
[EventType "swiss"]
[EventRounds "5"]
[EventCountry "CAN"]

1. Nf3 Nf6 2. c4 e6 3. Nc3 Bb4 4. g3 O-O 5. Bg2 d6 6. O-O Bxc3 7. bxc3 Nbd7 8.
d3 c5 9. Qc2 Rb8 10. a4 b6 11. a5 Bb7 12. Bd2 Qc7 13. Ra3 Bc6 14. Rfa1 b5 15.
cxb5 Rxb5 16. c4 Rb7 17. a6 Rbb8 18. Bc3 e5 19. e4 Rfe8 20. Nh4 Nf8 21. Bh3 Ne6
22. Bxe6 fxe6 23. Ba5 Qf7 24. f3 g5 25. Ng2 Nd7 26. Bc7 d5 27. Bxb8 Rxb8 28.
Rf1 d4 29. Rb3 Nb6 30. Qd2 Qg6 31. Qa5 g4 32. Qxc5 Ba4 33. Rb2 gxf3 34. Rxf3
Qg5 35. Rf1 Rc8 36. Qd6 1-0

[Event "Rimouski"]
[Site "Rimouski CAN"]
[Date "2010.05.22"]
[Round "3"]
[White "Auger, Bertrand"]
[Black "Bolduc, Steve"]
[Result "0-1"]
[WhiteElo "1985"]
[BlackElo "2265"]
[PlyCount "78"]
[EventDate "2010.05.21"]
[EventType "swiss"]
[EventRounds "5"]
[EventCountry "CAN"]

1. Nf3 Nf6 2. g3 b6 3. Bg2 Bb7 4. c4 c5 5. Nc3 e6 6. O-O Be7 7. d4 cxd4 8. Qxd4
d6 9. b3 Nbd7 10. Bb2 a6 11. Rfd1 O-O 12. Rac1 Qb8 13. Qd3 Nc5 14. Qb1 b5 15.
b4 Nce4 16. Rd4 Nxc3 17. Bxc3 e5 18. Rh4 bxc4 19. Ng5 h6 20. Ne4 Nxe4 21. Rxe4
Rc8 22. Ba1 Bxe4 23. Bxe4 Ra7 24. Bd5 Qb5 25. Bxf7+ Kh8 26. Be6 Rf8 27. Bxc4
Qb6 28. e3 Rc7 29. a3 Qc6 30. Rc3 Qf3 31. Qe1 Qa8 32. e4 Qa7 33. Be6 Bd8 34.
Rd3 Rc2 35. Bf5 Bb6 36. Kh1 Rxf2 37. Bh3 Qf7 38. Bc3 Qc4 39. Rd1 Re2 0-1

[Event "Rimouski"]
[Site "Rimouski CAN"]
[Date "2010.05.23"]
[Round "4"]
[White "Bolduc, Steve"]
[Black "Cournoyer, Dominic"]
[Result "1-0"]
[WhiteElo "2265"]
[BlackElo "2019"]
[PlyCount "35"]
[EventDate "2010.05.21"]
[EventType "swiss"]
[EventRounds "5"]
[EventCountry "CAN"]

1. Nf3 f5 2. e4 fxe4 3. Ng5 Nf6 4. d3 e5 5. dxe4 h6 6. Nf3 d6 7. Bc4 Bg4 8. Nc3
Nc6 9. Be3 Qd7 10. a3 O-O-O 11. Qd3 g5 12. O-O-O Nh5 13. Nd5 Be7 14. Bb5 Nf4
15. Bxf4 exf4 16. Bxc6 bxc6 17. Qa6+ Kb8 18. Nb4 1-0

[Event "Rimouski"]
[Site "Rimouski CAN"]
[Date "2010.05.23"]
[Round "5"]
[White "Chevalier, Francois"]
[Black "Bolduc, Steve"]
[Result "0-1"]
[WhiteElo "1785"]
[BlackElo "2265"]
[PlyCount "90"]
[EventDate "2010.05.21"]
[EventType "swiss"]
[EventRounds "5"]
[EventCountry "CAN"]

1. d4 Nf6 2. Bg5 Ne4 3. Bf4 c5 4. f3 Qa5+ 5. Nd2 Nf6 6. c3 cxd4 7. Nb3 Qb6 8.
Qxd4 Nc6 9. Qxb6 axb6 10. Be3 d6 11. Bxb6 Be6 12. Nd2 g6 13. e4 Bh6 14. a3 Nd7
15. Bd4 O-O 16. Bd3 Nde5 17. Bxe5 dxe5 18. Rd1 Rfd8 19. Bc2 Rd6 20. Ne2 Rad8
21. Nb1 Na5 22. O-O Nc4 23. Rxd6 Rxd6 24. Rd1 Nxb2 25. Rxd6 exd6 26. a4 Be3+
27. Kf1 Nc4 28. Bb3 Bc5 29. Ke1 Ne3 30. Bxe6 Nxg2+ 31. Kf1 Ne3+ 32. Ke1 fxe6
33. Nc1 Nc4 34. Nd3 Kf7 35. Nxc5 dxc5 36. Ke2 Kf6 37. Kd3 Nb2+ 38. Kc2 Nxa4 39.
Kb3 Nb6 40. Nd2 Kg5 41. Nc4 Nxc4 42. Kxc4 Kf4 43. Kxc5 Kxf3 44. Kb6 Kxe4 45. c4
Kd4 0-1

[Event "Robin Girard mem"]
[Site "Charlesbourg CAN"]
[Date "2010.09.03"]
[Round "1"]
[White "Bolduc, Steve"]
[Black "Potvin, Alain-Nicolas"]
[Result "1-0"]
[WhiteElo "2281"]
[BlackElo "1750"]
[PlyCount "37"]
[EventDate "2010.09.03"]
[EventType "swiss"]
[EventRounds "5"]
[EventCountry "CAN"]

1. d4 Nf6 2. Nf3 g6 3. Nc3 Bg7 4. e4 d6 5. h3 O-O 6. Be3 c5 7. dxc5 Qa5 8. Bd3
dxc5 9. O-O Nc6 10. Nd2 Nd4 11. Nb3 Nxb3 12. axb3 Qb4 13. Ra4 Qb6 14. b4 Bd7
15. Bxc5 Qe6 16. b5 a6 17. Bc4 Qe5 18. Bd4 Qb8 19. Bxf6 1-0

[Event "Robin Girard mem"]
[Site "Charlesbourg CAN"]
[Date "2010.09.03"]
[Round "1"]
[White "Labrecque, Rejean"]
[Black "Perron, Jonathan"]
[Result "1/2-1/2"]
[WhiteElo "1714"]
[BlackElo "2055"]
[PlyCount "66"]
[EventDate "2010.09.03"]
[EventType "swiss"]
[EventRounds "5"]
[EventCountry "CAN"]

1. d4 Nf6 2. c4 e6 3. Bg5 c5 4. e3 cxd4 5. Bxf6 Qxf6 6. exd4 Bb4+ 7. Nc3 O-O 8.
Nf3 d5 9. Bd3 Nc6 10. O-O dxc4 11. Bxc4 Rd8 12. Ne4 Qf4 13. Qd3 h6 14. Rad1 Ne7
15. a3 Ba5 16. Ng3 a6 17. b4 Bb6 18. Rfe1 Bd7 19. Re4 Qc7 20. Ba2 Bb5 21. Qe3
Qc2 22. Bb3 Qc7 23. Ne5 Nd5 24. Bxd5 Rxd5 25. Rg4 Kh8 26. Qf3 Rf8 27. Ng6+ fxg6
28. Qxf8+ Kh7 29. h3 Qc2 30. Re1 Bxd4 31. Rxe6 Rf5 32. Nxf5 Qxf2+ 33. Kh2 Qg1+
1/2-1/2

[Event "Robin Girard mem"]
[Site "Charlesbourg CAN"]
[Date "2010.09.04"]
[Round "2"]
[White "Auger, Bertrand"]
[Black "Bluteau, Yvon"]
[Result "1-0"]
[WhiteElo "1960"]
[BlackElo "1856"]
[PlyCount "67"]
[EventDate "2010.09.03"]
[EventType "swiss"]
[EventRounds "5"]
[EventCountry "CAN"]

1. Nf3 Nf6 2. g3 c5 3. c4 Nc6 4. Nc3 g6 5. Bg2 Bg7 6. d4 cxd4 7. Nxd4 O-O 8.
Nc2 d6 9. O-O Be6 10. Nd5 Qd7 11. Re1 Rac8 12. b3 Bxd5 13. cxd5 Nxd5 14. Bxd5
Bxa1 15. Nxa1 Nb4 16. Bf3 Nxa2 17. Bb2 b5 18. Nc2 Rc7 19. Ne3 Nc3 20. Qd4 e5
21. Qb4 Rfc8 22. Bxc3 Rxc3 23. Nd5 Rxf3 24. exf3 Kg7 25. f4 Rc5 26. Rd1 Qc6 27.
Qd2 Rc2 28. Qe3 Rc5 29. Nb4 Qb6 30. fxe5 Qa5 31. Qd4 Rc8 32. exd6+ f6 33. d7
Rd8 34. Nc6 1-0

[Event "Robin Girard mem"]
[Site "Charlesbourg CAN"]
[Date "2010.09.04"]
[Round "2"]
[White "Sauve, Richard"]
[Black "Bolduc, Steve"]
[Result "0-1"]
[WhiteElo "1941"]
[BlackElo "2281"]
[PlyCount "78"]
[EventDate "2010.09.03"]
[EventType "swiss"]
[EventRounds "5"]
[EventCountry "CAN"]

1. d4 Nf6 2. c4 c5 3. d5 e6 4. Nc3 exd5 5. cxd5 d6 6. e4 g6 7. Nf3 Bg7 8. Be2
O-O 9. O-O Bg4 10. Nd2 Bxe2 11. Qxe2 Nbd7 12. Nc4 Nb6 13. Bf4 Nxc4 14. Qxc4 Nh5
15. Be3 a6 16. a4 Rc8 17. Rae1 Qb6 18. b3 Rfe8 19. f3 Nf6 20. Ne2 Nd7 21. f4
Qb4 22. Ng3 Qxc4 23. bxc4 Nb6 24. Rc1 Nxa4 25. Rb1 Nb2 26. Rfc1 b5 27. cxb5
axb5 28. e5 Nc4 29. Bf2 Na3 30. Rb3 Ra8 31. Ne4 c4 32. Rxa3 Rxa3 33. Nxd6 Rb8
34. Bc5 Ra4 35. g3 Bf8 36. Ne4 Bxc5+ 37. Nxc5 Ra2 38. d6 b4 39. Rxc4 b3 0-1

[Event "Robin Girard mem"]
[Site "Charlesbourg CAN"]
[Date "2010.09.04"]
[Round "3"]
[White "Bolduc, Steve"]
[Black "Auger, Bertrand"]
[Result "1-0"]
[WhiteElo "2281"]
[BlackElo "1960"]
[PlyCount "37"]
[EventDate "2010.09.03"]
[EventType "swiss"]
[EventRounds "5"]
[EventCountry "CAN"]

1. d4 d5 2. Nf3 Nf6 3. e3 c5 4. dxc5 Qa5+ 5. Nbd2 Bg4 6. c4 Nbd7 7. a3 Qxc5 8.
cxd5 Qxd5 9. Qa4 O-O-O 10. Bc4 Qh5 11. Qxa7 e6 12. b4 Bd6 13. Bb2 Bc7 14. Rc1
Nb8 15. Be5 Rxd2 16. Bxe6+ Kd8 17. Bxc7+ Ke7 18. Nxd2 Qb5 19. Bxg4 1-0

[Event "Robin Girard mem"]
[Site "Charlesbourg CAN"]
[Date "2010.09.04"]
[Round "3"]
[White "Groleau, Gilles"]
[Black "Labrecque, Rejean"]
[Result "1/2-1/2"]
[WhiteElo "1950"]
[BlackElo "1714"]
[PlyCount "126"]
[EventDate "2010.09.03"]
[EventType "swiss"]
[EventRounds "5"]
[EventCountry "CAN"]

1. e4 c5 2. Nc3 d6 3. f4 e5 4. Bb5+ Nc6 5. d3 a6 6. Bxc6+ bxc6 7. Nf3 Bg4 8. h3
Bxf3 9. Qxf3 Qh4+ 10. g3 Qf6 11. O-O h5 12. fxe5 Qxf3 13. Rxf3 dxe5 14. b3 Nf6
15. Na4 Rb8 16. Ba3 Nd7 17. Raf1 f6 18. c4 Bd6 19. R1f2 Ke7 20. g4 hxg4 21.
hxg4 Rh4 22. Rg2 g5 23. Kf2 Rbh8 24. Ke3 Rh1 25. Kd2 R8h2 26. Rfg3 Ke6 27. Kc2
Be7 28. Bc1 Bd8 29. Be3 Kd6 30. Kb2 Ba5 31. Nc3 Rxg2+ 32. Rxg2 Rh3 33. Nd1 Rf3
34. a3 Be1 35. Kc2 Nf8 36. Bf2 Bxf2 37. Rxf2 Rxf2+ 38. Nxf2 Ne6 39. Nd1 Nd4+
40. Kb2 a5 41. Ne3 Ke6 42. Nc2 Nf3 43. b4 cxb4 44. axb4 axb4 45. c5 Ng1 46.
Nxb4 Kd7 47. Kc3 Nh3 48. Nc2 Nf2 49. Ne3 Kc7 50. Kd2 Kb7 51. Ke2 Nh3 52. Nf5
Nf4+ 53. Ke3 Ne6 54. Nd6+ Ka6 55. Ne8 Nxc5 56. Nxf6 Kb5 57. d4 Ne6 58. d5 Nf4
59. Nd7 cxd5 60. Nxe5 Kc5 61. exd5 Kxd5 62. Nf3 Ne6 63. Kd3 Nc5+ 1/2-1/2